Calatrava : Complete Works 1979-Today /

Na minha lista:
Detalhes bibliográficos
Autor principal: Jodidio, Philip (Author)
Formato: Livro
Idioma:inglês
alemão
francês
Publicado em: Köln : Taschen GmbH, 2020
Edição:1. vydanie
Assuntos:
Tags: Adicionar Tag
Sem tags, seja o primeiro a adicionar uma tag!

MARC

LEADER 00000nam a22000003a 4500
001 0089279
003 SK-STU
005 20210702113338.2
007 ta
008 210702s ----xo-----e------000-0-----d
020 |a 978-3-8365-7241-5 
040 |a STU  |b slo 
041 0 |a eng  |a ger  |a fre 
044 |a gw 
100 1 |a Jodidio, Philip  |4 aut 
245 1 0 |a Calatrava :  |b Complete Works 1979-Today /  |c aut. Philip Jodidio 
250 |a 1. vydanie 
260 |a Köln :  |b Taschen GmbH,  |c 2020 
300 |a 620 s. 
650 0 7 |a Calatrava, Santiago 
650 0 7 |a architektonické dielo 
650 0 7 |a architektúra a staviteľstvo 
650 0 7 |a architekti španielski 
650 0 7 |a architektúra svetová 
996 |b 284AU08730  |c A* 12008/U  |l AAKNST  |s P  |a 0  |w 0089279_0001 
996 |b 284AU08731  |c A* 12009/U  |l AAKNAR  |s A  |a 24  |w 0089279_0002